Tout les gagnants de Roland-Garros 1990-2023 - Statistiques

Statistiques générales
  • Ce quiz a été pris 302 fois
  • Le résultat moyen est 23 sur 34
Statistiques - réponses
Hint Réponse % Correct
2022 Nadal
100%
2020 Nadal
100%
2019 Nadal
100%
2018 Nadal
100%
2017 Nadal
100%
2014 Nadal
100%
2013 Nadal
100%
2012 Nadal
100%
2011 Nadal
100%
2010 Nadal
100%
2008 Nadal
100%
2007 Nadal
100%
2006 Nadal
100%
2005 Nadal
100%
2023 Djokovic
98%
2021 Djokovic
98%
2016 Djokovic
98%
2009 Federer
97%
2015 Wawrinka
79%
1999 Agassi
54%
2001 Kuerten
37%
2000 Kuerten
37%
1997 Kuerten
37%
2003 Ferrero
33%
1998 Moya
29%
1992 Courier
21%
1991 Courier
21%
2004 Gaudio
21%
1996 Kafelnikov
19%
1994 Bruguera
17%
1993 Bruguera
17%
1995 Muster
17%
2002 Costa
16%
1990 Gomez
14%
Aucun quiz correspondant
Distribution des résultats
% des personnes avec chaque résultat
Percentile par nombre de réponses
Votre historique - résultats
Vous n’avez pas pris ce quiz